Dark continent : Europe's twentieth century

Αποθηκεύτηκε σε:
Λεπτομέρειες βιβλιογραφικής εγγραφής
Κύριος συγγραφέας: Mazower, Mark
Μορφή: Βιβλίο
Γλώσσα:English
Δημοσίευση: London : The Penguin Press, c1998.
Θέματα:
Ετικέτες: Προσθήκη ετικέτας
Δεν υπάρχουν, Καταχωρήστε ετικέτα πρώτοι!

MARC

LEADER 00000cam a2200000 i 4500
001 1/95098
008 991206s1998 enk| ||| |||| ||eng||
020 |a 0713991593 
035 |l 10055145 
040 |a GR-MyUa  |b gre  |e AACR2 
041 0 |a eng 
082 7 |2 (21) 
100 1 |a Mazower, Mark. 
245 1 0 |a Dark continent :   |b Europe's twentieth century /   |c Mark Mazower.  
260 |a London :   |b The Penguin Press,   |c c1998.  
300 |a 496 σ. ;   |c 25 εκ.  
504 |a Περιλαμβάνει βιβλιογραφικές παραπομπές (σ. 426-[483] και ευρετήριο.  
651 0 |a Europe  |x History  |y 20th century. 
767 0 8 |i Μεταφρασμένο ως:   |t Σκοτεινή ήπειρος :  
852 |a INST  |b LESVOS  |e 19991206  |h 940.55 MAZ  |p 005100018925  |q 005100018925  |t BK  |y 0 
901 |a BIBL1-1999-3 
970 |a Μουστάκα  |b Πηνελόπη  |z 06/12/1999